| 000 | 00000nam##2200000za#4500 |
| 001 | 9.681268 |
| 003 | CaOODSP |
| 005 | 20200330070410 |
| 007 | ta |
| 008 | 150407|2000||||xxc||||| f|0| 0 fre|d |
| 020 | |a0-662-84560-9 |
| 040 | |aCaOODSP|bfre |
| 043 | |an-cn--- |
| 086 | 1 |aMR21-21/2000F |
| 110 | 1 |aCanada.|bConseil de recherches médicales du Canada. |
| 245 | 13|aUn héritage d'excellence, 1960-2000 |
| 260 | |aOttawa - Ontario : |bConseil de recherches médicales |c2000. |
| 300 | |a84p. : |bill. ; |c15 cm. |
| 500 | |aN.B.: Cette publication a déjà été signalée dans la Liste hebdomadaire 2000 n° 17 (le 4 avril 2000). |
| 563 | |aCouverture souple |
| 590 | |a00-36|b2000-09-08 |
| 691 | 07|aRecherche médicale|2gcpds |
| 691 | 07|aFutur|2gcpds |
| 691 | 07|aHistoire|2gcpds |
| 691 | 07|aCommémoration|2gcpds |
| 775 | 08|tA legacy of excellence 1960-2000 |w(CaOODSP)9.647887 |
| 776 | 0#|tUn héritage d'excellence, 1960-2000 |w(CaOODSP)9.640503 |